All 7 Letter Words that Begin With N - Statistics

General Stats
  • This quiz has been taken 11 times
  • The average score is 131 of 803
Answer Stats
% Correct
naggers
88%
nearing
88%
needing
88%
needler
88%
needles
88%
nerving
88%
nesters
88%
nesting
88%
nicking
88%
nothing
88%
Numbers
88%
numbing
88%
nagging
75%
nailers
75%
nailing
75%
nappers
75%
napping
75%
nastier
75%
naughty
75%
necking
75%
needled
75%
negates
75%
nervous
75%
nickers
75%
nippled
75%
nipples
75%
noodled
75%
noodles
75%
normals
75%
Normans
75%
norther
75%
nutters
75%
nabbers
63%
nabbing
63%
nannies
63%
nappies
63%
nasties
63%
natural
63%
natures
63%
nectars
63%
negater
63%
neighed
63%
nestled
63%
nestler
63%
nestles
63%
netting
63%
neurons
63%
neuters
63%
nibbled
63%
nibbler
63%
nibbles
63%
nickels
63%
niftier
63%
nighted
63%
nimbler
63%
nipping
63%
nobbler
63%
nobbles
63%
nogging
63%
nooning
63%
notated
63%
notions
63%
nougats
63%
novices
63%
nudgers
63%
nudging
63%
nulling
63%
nursing
63%
nakeder
50%
nappier
50%
narrows
50%
narwhal
50%
nasally
50%
nations
50%
natters
50%
natured
50%
naughts
50%
naysays
50%
nearest
50%
necktie
50%
needier
50%
negated
50%
neither
50%
nervier
50%
netters
50%
nettled
50%
nettler
50%
nettles
50%
neutral
50%
neutron
50%
newbies
50%
newness
50%
newsies
50%
nightly
50%
nilling
50%
ninnies
50%
nippers
50%
nitrate
50%
nobbled
50%
nocturn
50%
nodders
50%
nodding
50%
nodules
50%
nodulus
50%
noggins
50%
nominal
50%
nookies
50%
nooners
50%
Nordics
50%
normies
50%
northed
50%
noshing
50%
nostril
50%
notates
50%
novella
50%
nozzles
50%
nudists
50%
nuggets
50%
nullify
50%
numbest
50%
numeral
50%
nuptial
50%
nursery
50%
nuttier
50%
nutting
50%
nabbies
38%
nakedly
38%
napalms
38%
narcing
38%
neatest
38%
nebulas
38%
nectary
38%
neigher
38%
nephews
38%
Neptune
38%
nerdier
38%
nerfing
38%
newborn
38%
newings
38%
newsing
38%
newtons
38%
niching
38%
nifties
38%
niggler
38%
nightie
38%
nocking
38%
noosing
38%
noshers
38%
notched
38%
notches
38%
notepad
38%
noticed
38%
noticer
38%
notices
38%
noughts
38%
nowhere
38%
nubbins
38%
nubbles
38%
nuclear
38%
nucleus
38%
nunnery
38%
nursers
38%
nurture
38%
nutmegs
38%
nuzzled
38%
nuzzles
38%
nyloned
38%
nadders
25%
naggier
25%
naggled
25%
naggles
25%
naively
25%
nancies
25%
narcose
25%
narking
25%
Natchez
25%
natives
25%
nattier
25%
nauseas
25%
Navajos
25%
navally
25%
nebulae
25%
nebular
25%
needful
25%
negging
25%
neglect
25%
Negroni
25%
nelsons
25%
nemesis
25%
Nepalis
25%
netizen
25%
nettier
25%
network
25%
neurone
25%
newsier
25%
newsman
25%
newsmen
25%
nexuses
25%
niacins
25%
nibbers
25%
nickies
25%
nickles
25%
niffers
25%
niggard
25%
nigging
25%
niggled
25%
niggles
25%
nimrods
25%
nippily
25%
nitpick
25%
nitters
25%
nittier
25%
nobbier
25%
noctule
25%
noddies
25%
noddles
25%
nodular
25%
noisier
25%
nombles
25%
nonagon
25%
nonplus
25%
nonstop
25%
noobies
25%
noogies
25%
noonday
25%
nosiest
25%
nosings
25%
notable
25%
notcher
25%
nourish
25%
novelle
25%
novelly
25%
novelty
25%
noxious
25%
nubbier
25%
numeric
25%
nuncles
25%
nurdles
25%
nutrias
25%
nuttily
25%
nymphet
25%
nacelle
13%
naganas
13%
naggies
13%
naggish
13%
naivest
13%
naivety
13%
namable
13%
namaste
13%
nandina
13%
nanduti
13%
nangers
13%
nankeen
13%
nanobot
13%
napkins
13%
napless
13%
narcist
13%
narrate
13%
narthex
13%
nascent
13%
nasions
13%
nastily
13%
nasutes
13%
nasutus
13%
natrium
13%
nattily
13%
nattled
13%
nattles
13%
Nauruan
13%
navette
13%
navites
13%
navvies
13%
neatens
13%
neatnik
13%
nebbier
13%
necklet
13%
necrose
13%
neddies
13%
negaton
13%
negator
13%
Neisser
13%
nellies
13%
nematic
13%
neocons
13%
neolith
13%
neology
13%
neonics
13%
nepetas
13%
nephric
13%
nephron
13%
neppier
13%
nepping
13%
nerdish
13%
Nestors
13%
netball
13%
netbook
13%
netless
13%
neuroma
13%
Nevadan
13%
newlins
13%
newsboy
13%
Niagara
13%
nibbier
13%
nibbies
13%
niblick
13%
niddled
13%
niddles
13%
nidgets
13%
niellos
13%
niffles
13%
niftily
13%
nighest
13%
nighing
13%
nigrify
13%
nimming
13%
ninthly
13%
nippier
13%
nirvana
13%
niterie
13%
nithers
13%
nitride
13%
nitrify
13%
nitrile
13%
nitrite
13%
nitrone
13%
nitroso
13%
nitrous
13%
nitwits
13%
nobbily
13%
noblest
13%
nocebos
13%
noctuid
13%
nocuous
13%
nodally
13%
nodical
13%
noduled
13%
nointed
13%
noisome
13%
nolling
13%
nomadic
13%
nomarch
13%
nominee
13%
nomisms
13%
nonbank
13%
nonbook
13%
noncash
13%
noncoms
13%
nonegos
13%
nonfarm
13%
nonfood
13%
nonhero
13%
nonjury
13%
nonlife
13%
nonpeak
13%
nonpros
13%
nonself
13%
nonsked
13%
nonskid
13%
nonslip
13%
nonsuch
13%
nonsuit
13%
nonuple
13%
nonuser
13%
nonword
13%
nonzero
13%
noodged
13%
noodges
13%
nookery
13%
Normand
13%
Norwood
13%
nosegay
13%
nostocs
13%
notelet
13%
nourice
13%
nouveau
13%
nowness
13%
nuanced
13%
nuances
13%
Nubians
13%
nuclein
13%
nucleon
13%
nuclide
13%
nudisms
13%
nudnick
13%
nudniks
13%
nuggety
13%
nullity
13%
numbats
13%
numbles
13%
numdahs
13%
numnahs
13%
nunatak
13%
nunches
13%
nuraghe
13%
nutates
13%
nutcase
13%
nutgall
13%
nutjobs
13%
nutlets
13%
nutlike
13%
nutmeat
13%
nuzzers
13%
nymphos
13%
nytrils
13%
naartje
0%
Nabaloi
0%
Nabesna
0%
Nabidae
0%
nabooms
0%
nacarat
0%
nackets
0%
nacrite
0%
nadiral
0%
nadolol
0%
naebody
0%
naevoid
0%
nagaika
0%
nagamis
0%
Nagaris
0%
naggars
0%
nagidim
0%
nagmaal
0%
nagsman
0%
nagsmen
0%
naguals
0%
Nahanes
0%
Nahanis
0%
nahoors
0%
nahuals
0%
Nahuatl
0%
naiades
0%
naigues
0%
Naikpod
0%
nailery
0%
nailrod
0%
nainsel
0%
Naipali
0%
naiques
0%
naivete
0%
nakhoda
0%
nakongs
0%
Nakotas
0%
Nalline
0%
namaqua
0%
nammads
0%
nandids
0%
nandine
0%
nandows
0%
nanduty
0%
nangcas
0%
nangkas
0%
nanigos
0%
nanisms
0%
nanitic
0%
Nanking
0%
Nankins
0%
nanpies
0%
naology
0%
naperer
0%
naphtha
0%
napooed
0%
napoohs
0%
narases
0%
narcism
0%
narcoma
0%
narcous
0%
nardine
0%
nardoos
0%
nargils
0%
naricas
0%
nartjie
0%
nasalis
0%
Nasards
0%
nasaump
0%
nashgab
0%
nashgob
0%
Naskapi
0%
Naskhis
0%
Nasmyth
0%
natakas
0%
natator
0%
natrons
0%
nattock
0%
naugers
0%
naupaka
0%
nauplii
0%
nauther
0%
nautili
0%
Navahos
0%
navaids
0%
navarch
0%
navarho
0%
navarin
0%
navetas
0%
Nayadis
0%
nayaurs
0%
nayword
0%
Nazards
0%
nazidom
0%
Naziism
0%
Nazisms
0%
Ndebele
0%
Ndongas
0%
Ndorobo
0%
nearish
0%
neascus
0%
Nebalia
0%
nebbish
0%
Necator
0%
nectria
0%
necturi
0%
nedders
0%
Neelsen
0%
neesing
0%
neezing
0%
neftgil
0%
negaras
0%
negidim
0%
neglige
0%
Negrito
0%
negundo
0%
neguses
0%
neibour
0%
neilahs
0%
nektons
0%
Nellore
0%
nelumbo
0%
nemeses
0%
nemesia
0%
nemoral
0%
Neocene
0%
neogamy
0%
Neogean
0%
Neogene
0%
neonate
0%
neopine
0%
neoteny
0%
Neotoma
0%
neotype
0%
Neozoic
0%
Nephila
0%
Nephite
0%
Nepidae
0%
nepotal
0%
nepotes
0%
nepotic
0%
nereids
0%
nerines
0%
neritas
0%
nerites
0%
neritic
0%
neritid
0%
Neronic
0%
nervate
0%
nervily
0%
nervine
0%
nervish
0%
nervone
0%
nervons
0%
nervosa
0%
nervose
0%
nervule
0%
nervure
0%
neshing
0%
Neskhis
0%
Nesokia
0%
Nessler
0%
nestage
0%
netfuls
0%
netleaf
0%
netlike
0%
netsman
0%
netsmen
0%
netsuke
0%
Nettion
0%
neurine
0%
neurins
0%
neurite
0%
neuroid
0%
neurula
0%
Neusiok
0%
neustic
0%
neuston
0%
nevells
0%
Newaris
0%
Newburg
0%
newcome
0%
newelty
0%
newfish
0%
Newgate
0%
newtake
0%
Ngadjus
0%
Ngbakas
0%
Ngoloks
0%
Ngwanas
0%
Ngwatos
0%
niaouli
0%
Niasese
0%
Niassan
0%
Nibbana
0%
niblics
0%
nibongs
0%
nibungs
0%
Nicaean
0%
Nicarao
0%
niccolo
0%
niceish
0%
nickeys
0%
nickums
0%
Nicoise
0%
nicolos
0%
nicotia
0%
nictate
0%
nicuris
0%
niddick
0%
nidging
0%
nidulus
0%
niduses
0%
nielled
0%
Nielsen
0%
Niemann
0%
nienock
0%
Nientsi
0%
nieveta
0%
nigella
0%
nignays
0%
nignyes
0%
nigrine
0%
nigrous
0%
nigunim
0%
nilgais
0%
Nilotes
0%
Nilotic
0%
NIMBies
0%
nimbose
0%
nimiety
0%
nimious
0%
nimmers
0%
nimshis
0%
nincoms
0%
nincums
0%
ninepin
0%
ningles
0%
niobate
0%
niobite
0%
niobium
0%
niobous
0%
Nipride
0%
nipters
0%
niqaabs
0%
Nishada
0%
nispero
0%
Nitella
0%
nithing
0%
Nitinat
0%
nitinol
0%
nitryls
0%
nitweed
0%
Niueans
0%
niveaux
0%
niveous
0%
niyogas
0%
Njoroan
0%
nocakes
0%
nocence
0%
nocency
0%
nockerl
0%
nodated
0%
nodiaks
0%
nodosum
0%
noemata
0%
nogales
0%
noirish
0%
noisily
0%
noising
0%
nolinas
0%
nomancy
0%
nombril
0%
nomisma
0%
Nomlaki
0%
nonacid
0%
nonaged
0%
nonages
0%
nonanes
0%
nonanol
0%
noncola
0%
noncore
0%
nondrug
0%
nonenes
0%
nonents
0%
nonfact
0%
nonfans
0%
nonflam
0%
nonfuel
0%
nongame
0%
nonhaem
0%
nonheme
0%
nonhome
0%
nonhost
0%
nonmeat
0%
nonoily
0%
nonpaid
0%
nonplay
0%
nonpoor
0%
nonsync
0%
nonterm
0%
nonuses
0%
nonwage
0%
nonwork
0%
nooches
0%
nooklet
0%
Nooksak
0%
noology
0%
Nootkan
0%
Nootkas
0%
Nootsak
0%
Nopalea
0%
nopales
0%
nopalry
0%
norated
0%
norates
0%
norimon
0%
norites
0%
noritic
0%
norland
0%
Norroys
0%
norsels
0%
Norskie
0%
Norskis
0%
norteno
0%
norward
0%
noseans
0%
nosisms
0%
nostrum
0%
notably
0%
notaeal
0%
notaeum
0%
notanda
0%
notator
0%
notedly
0%
noteman
0%
notemen
0%
notgeld
0%
notiony
0%
notitia
0%
Notomys
0%
notopod
0%
noughty
0%
noumena
0%
nouther
0%
novalia
0%
novated
0%
novates
0%
novator
0%
novenas
0%
novillo
0%
nowells
0%
nowther
0%
noyades
0%
noyance
0%
nrittas
0%
nrityas
0%
nsambya
0%
nubucks
0%
nucelli
0%
nucleal
0%
nuculas
0%
nucules
0%
nuculid
0%
nudiped
0%
nuggars
0%
nullahs
0%
nummary
0%
nunchuk
0%
nuncios
0%
nundine
0%
nunhood
0%
nunlets
0%
nunlike
0%
nunnari
0%
nunnish
0%
nunship
0%
nuntius
0%
nupsons
0%
nuraghi
0%
nursled
0%
nursles
0%
Nusairi
0%
nutated
0%
nutball
0%
nutcake
0%
nutfall
0%
nuthook
0%
nutpick
0%
nutrify
0%
nutsier
0%
nuttery
0%
Nyanjas
0%
nymphae
0%
nymphal
0%
nymphid
0%
nymsses
0%
Nynorsk
0%
No matching quizzes found
Score Distribution
Percent of People with Each Score
Percentile by Number Answered
Your Score History
You have not taken this quiz